Welcome to the Holygrace Academy Library

Please use search bar below to get started

RHE CANTERVILLE GHOST (Record no. 5052)

MARC details
000 -LEADER
fixed length control field 00600nam a22001457a 4500
020 ## - INTERNATIONAL STANDARD BOOK NUMBER
ISBN 978-81-318-0946-4
082 ## - DEWEY DECIMAL CLASSIFICATION NUMBER
Classification number 823
Item number WIL/C
100 ## - MAIN ENTRY--AUTHOR NAME
Personal name WILDE, OSCAR
245 ## - TITLE STATEMENT
Title RHE CANTERVILLE GHOST
260 ## - PUBLICATION, DISTRIBUTION, ETC. (IMPRINT)
Place of publication DELHI
Name of publisher LAXMI PUBLICATIONS
300 ## - PHYSICAL DESCRIPTION
Number of Pages 57
520 ## - SUMMARY, ETC.
Summary, etc It is a humorous short story. It follows an American family moving into a haunted castle despite being warned about supernatural activities. An ancient castle of Canterville Chase is haunted by a terrifying ghost. The Otis family moves into the castle even though they are warned of the ghost.
650 ## - SUBJECT ADDED ENTRY--TOPICAL TERM
Topical Term NOVEL
Geographic subdivision INDIA
942 ## - ADDED ENTRY ELEMENTS (KOHA)
Koha item type Books
Holdings
Withdrawn status Lost status Collection code Home library Current library Shelving location Date acquired Source of acquisition Full call number Accession Number Koha item type
    Fiction Main Library Main Library SHELF 15B-U,V,W SECTION NOVELS& FICTION 08/11/2013 purchase 823 WIL/C 07604 Books